000 00450nam a2200169Ia 4500
008 231217s9999 xx 000 0 und d
020 _a817881062X
041 _aEnglish
082 _a338.9054 CHO.1;1 R
100 _aChowdary, Nagendra V ed.
245 0 _aTransformation of Indian economy V.1 : Manmohan to McKinsey
250 _a1st ed.
260 _c2002
_bICFAI Press
_aHyderabad
300 _axiv, 175
650 _aICFAI
942 _cAA
999 _c181481
_d181481